000 00187 a2200097 4500
020 _a9781891327346
041 _aspa
100 _aGago, Jenny
245 _aEl regalo perfecto
942 _cBK
999 _c30119
_d30117